000 004100000a22001570004500
003 LK-CoMWRAF
008 230817t ||||| |||| 00| 0 eng d
020 _a9781401906481
040 _aLK-CoMWRAF
_dLK-CoMWRAF
_eLK-CoMWRAF
041 _aeng
100 _aBrowne, Sylvia
245 _aIf you could see what I see
_bThe Tenets of Novus Spiritus
260 _bHay House
_a
_c2006
300 _ap.223
942 _cBK
999 _c2172
_d2172